Boards and wards

Saved in:
Bibliographic Details
Main Author: AYALA, Carlos. Spellberg Brad
Format: Book
Language:English
Published: Wolters Kluwer 2010.
Tags: Add Tag
No Tags, Be the first to tag this record!

MARC

LEADER 00000nam a22000007a 4500
008 201208b ||||| |||| 00| 0 eng d
020 |a 978-0-7817-8743-7 
100 |a AYALA, Carlos.  |a Spellberg Brad 
245 |a Boards and wards  |c Carlos Ayala, Brad Spellberg  |g xix, 578p.; ill. 
250 |b 4th ed. 
260 |b Wolters Kluwer  |c 2010.  |h Philadelphia, PA  |i 687196  |l R834.5 .Ay1  |m Medicine – Examinations, questions, etc. 
500 |a It includes index 
942 |a lcc  |c BK  |e Kuteyi M. A.  |f 8/12/2020 
952 |0 0  |1 0  |2 lcc  |4 0  |6 R08345 A Y1  |7 0  |9 213  |a HOL  |b HOL  |c QZ  |d 2020-12-08  |l 0  |o R834.5 .Ay1  |p 2020-0155  |r 2020-12-08 00:00:00  |w 2020-12-08  |y BK 
999 |c 81  |d 81